Frontière la plus longue de tous les pays - Statistiques

Statistiques générales
  • Ce quiz a été pris 77 fois
  • Le résultat moyen est 95 sur 157
Statistiques - réponses
Pays Bordure la plus longue % Correct
Argentine Chili
97%
Algérie Maroc
97%
Andorre Espagne
95%
Autriche Allemagne
93%
Belgique France
93%
Arabie Saoudite Yémen
93%
Afghanistan Pakistan
92%
Allemagne République Tchèque
92%
Afrique du Sud Botswana
90%
Bolivie Brésil
90%
Albanie Grèce
90%
Bangladesh Inde
90%
Biélorussie Russie
90%
Bosnie-Herzégovine Croatie
88%
Canada États-Unis
88%
Bhoutan Inde
88%
Angola République Démocratique du Congo
88%
Chili Argentine
86%
Chine Mongolie
86%
Brésil Bolivie
85%
Corée du Sud Corée du Nord
85%
Belize Guatemala
85%
Cambodge Viêt Nam
85%
Corée du Nord Chine
83%
Bulgarie Roumanie
83%
Azerbaïdjan Arménie
81%
Arménie Azerbaïdjan
81%
Bénin Nigeria
81%
Espagne Portugal
81%
Égypte Soudan
81%
Danemark Allemagne
80%
Émirats Arabes Unis Arabie Saoudite
80%
États-Unis Canada
80%
Estonie Lettonie
80%
Irlande Royaume-Uni
80%
Finlande Russie
80%
Croatie Bosnie-Herzégovine
78%
France Brésil
78%
Guyana Brésil
78%
Brunei Malaisie
78%
Italie Suisse
78%
Eswatini Afrique du Sud
76%
Colombie Brésil
76%
Birmanie Chine
76%
Irak Iran
76%
Burkina Faso Mali
76%
Équateur Pérou
76%
Djibouti Éthiopie
75%
Érythrée Éthiopie
75%
Iran Irak
75%
Costa Rica Panama
75%
Kazakhstan Russie
75%
Inde Bangladesh
73%
Guatemala Mexique
73%
Haïti République Dominicaine
73%
Géorgie Russie
73%
Lesotho Afrique du Sud
71%
Grèce Bulgarie
71%
Lettonie Lituanie
71%
Indonésie Malaisie
71%
Cameroun Nigeria
71%
Liechtenstein Suisse
71%
Israël Égypte
69%
Honduras Nicaragua
69%
Gambie Sénégal
69%
Éthiopie Somalie
69%
Luxembourg Belgique
68%
Botswana Namibie
68%
Guinée Équatoriale Gabon
66%
Guinée-Bissau Guinée
66%
Hongrie Slovaquie
66%
Liban Syrie
66%
Ghana Togo
66%
Jordanie Arabie Saoudite
64%
Macédoine du Nord Grèce
64%
Gabon République du Congo
64%
Burundi Tanzanie
64%
Laos Viêt Nam
64%
Lituanie Biélorussie
63%
Mongolie Chine
63%
Libye Égypte
63%
Mexique États-Unis
63%
Monaco France
61%
Malaisie Indonésie
61%
Koweït Irak
61%
Kosovo Serbie
61%
Maroc Algérie
59%
Côte d'Ivoire Liberia
59%
Guinée Mali
59%
Pays-Bas Allemagne
58%
Népal Inde
58%
Norvège Suède
58%
Oman Arabie Saoudite
56%
Pérou Brésil
56%
Portugal Espagne
56%
Pakistan Inde
56%
Mali Mauritanie
56%
Paraguay Argentine
54%
Mauritanie Mali
54%
Niger Nigeria
54%
Qatar Arabie Saoudite
53%
Liberia Côte d'Ivoire
53%
Papouasie-Nouvelle-Guinée Indonésie
53%
Moldavie Ukraine
51%
Royaume-Uni Irlande
49%
Kirghizistan Ouzbékistan
49%
Pologne République Tchèque
49%
Monténégro Bosnie-Herzégovine
47%
Nigeria Cameroun
47%
Panama Costa Rica
47%
Saint-Marin Italie
47%
Ouzbékistan Kazakhstan
47%
Kenya Ouganda
47%
République Centrafricaine République Démocratique du Congo
47%
République Tchèque Allemagne
46%
Namibie Angola
46%
Roumanie Bulgarie
46%
Russie Kazakhstan
46%
République du Congo République Démocratique du Congo
46%
Nicaragua Honduras
44%
Malawi Mozambique
44%
Suède Norvège
44%
République Dominicaine Haïti
42%
Suisse Italie
42%
Soudan du Sud Soudan
39%
Suriname Guyana
37%
Ouganda Kenya
37%
Sénégal Mauritanie
37%
Soudan Soudan du Sud
37%
Rwanda Burundi
36%
Slovénie Croatie
36%
Somalie Éthiopie
36%
Mozambique Malawi
36%
Vatican Italie
34%
Chypre Royaume-Uni
32%
Ukraine Russie
32%
Syrie Turquie
32%
Uruguay Brésil
31%
Salvador Honduras
31%
Tchad Soudan
31%
Tunisie Algérie
29%
République Démocratique du Congo Angola
29%
Togo Ghana
29%
Slovaquie Hongrie
29%
Timor Oriental Indonésie
29%
Yémen Arabie Saoudite
27%
Thaïlande Birmanie
27%
Venezuela Brésil
27%
Sierra Leone Guinée
27%
Tanzanie Kenya
27%
Serbie Kosovo
27%
Viêt Nam Laos
27%
Tadjikistan Afghanistan
24%
Turquie Iran
20%
Turkménistan Ouzbékistan
20%
Zimbabwe Mozambique
19%
Zambie République Démocratique du Congo
19%
Aucun quiz correspondant
Distribution des résultats
% des personnes avec chaque résultat
Percentile par nombre de réponses
Votre historique - résultats
Vous n’avez pas pris ce quiz